Great Literature #54 - Statistics

General Stats
  • This quiz has been taken 39 times
  • The average score is 5 of 20
Answer Stats
Hint Explanation Answer % Correct
Nana 1880 Émile Zola
48%
The Grass Is Singing 1950 Doris Lessing
41%
The Story of My Experiments with Truth 1925-1929, published serially (સત્યના પ્રયોગો અથવા આત્મકથા) Mahatma Gandhi
41%
Crome Yellow 1921 Aldous Huxley
37%
Mr Norris Changes Trains (U.S.: The Last of Mr. Norris) 1935 Christopher Isherwood
33%
Julie, or the New Heloise 1761 (Julie ou la nouvelle Héloïse) Jean-Jacques Rousseau
33%
Fantômas 1911 Marcel Allain, Pierre Souvestre
30%
Mother 1906 (Мать) Maxim Gorky
30%
Strait Is the Gate 1909 (La Porte Étroite) André Gide
26%
The Sirens of Titan 1959 Kurt Vonnegut
26%
Erewhon 1872 Samuel Butler
22%
A Swiftly Tilting Planet 1978 Madeleine L’Engle
19%
Living 1929 Henry Green
15%
Cheese: A Business Novel 1933 (Kaas) Willem Elsschot
15%
Far from the Tree 2013 Andrew Solomon
11%
Winter’s Tale 1983 Mark Helprin
11%
The Time of Indifference 1929 (Gli indifferenti) Alberto Moravia
7%
All About H. Hatterr 1948 G. V. Desani
7%
Fool’s Gold 1979 (Η αρχαία σκουριά) Maro Douka
7%
The Return of the Soldier 1918 Rebecca West
7%
No matching quizzes found
Score Distribution
Percent of People with Each Score
Percentile by Number Answered
Your Score History
You have not taken this quiz